| 000 | 012390000a22002890004500 | ||
|---|---|---|---|
| 003 | EG-GICUC | ||
| 005 | 20250223025409.0 | ||
| 008 | 080715s1998 ua dh f m 000 0 eng d | ||
| 040 |
_aEG-GICUC _beng _cEG-GICUC |
||
| 041 | 0 | _aEng | |
| 049 | _aDeposite | ||
| 097 | _aPh.D | ||
| 099 | _aCai01.12.05.Ph.D.1998.Yo.S | ||
| 100 | 0 | _aYoussef Mohamed Emam Abdelmawgoud | |
| 245 | 1 | 0 |
_aStudies on biodegradation by bacterial species isolated from agricultural soils collected from Egypt / _cYoussef Mohamed Emam Abdelmawgoud ; Supervised Samy Elabyad , Doreya A.Zaki , Sayed K.Goda |
| 246 | 1 | 5 | _aدراسات على التحلل البيولوجى بانواع من البكتريا المعزولة من الاراضى الزراعية فى مصر |
| 260 |
_aCairo : _bYoussef Mohamed Emam Abdelmawgoud , _c1998 |
||
| 300 |
_a244P. : _bcharts , facsimiles ; _c30cm |
||
| 502 | _aThesis (Ph.D.) - Cairo University - Faculty Of Science - Department Of Botany (Microbiology) | ||
| 700 | 0 |
_aDoreya A.Zaki , _eSupervisor |
|
| 700 | 0 |
_aSamy Elabyad , _eSupervisor |
|
| 700 | 0 |
_aSayed K.Goda , _eSupervisor |
|
| 856 | _uhttp://172.23.153.220/th.pdf | ||
| 905 |
_aMustafa _eRevisor |
||
| 905 |
_aSamia _eCataloger |
||
| 942 |
_2ddc _cTH |
||
| 999 |
_c12116 _d12116 |
||